=LDR 00000nam 2200000 4500 =001 INLIS000000000001653 =005 20130612090044 =008 ***********************************Ind** =035 ##$$0010-061300000001653 =041 ##$$a Ind =082 ##$$a 530.07 =090 ##$$a 530.07, Sum-t =100 ##$$a SUMIJATI =245 ##$$a Terampil menerapkan konsep dan prinsip IPA Fisika =260 ##$$a 1994 $b Solo =300 ##$$a ...jil, ilus, 28 cm =650 ##$$a Fisika - Pendidikan =850 ##$$a NBPNMAT